000 00783nam0a22002411 4500
001 rc\4116925
005 20250611001101.0
021 _aRU
_b[55-1549]
035 _a(NLR Aleph) 007979994
090 _a8513893
_c8513893
100 _a20130415d1954 |||y0rusy50 ca
101 0 _arus
102 _aRU
105 _aa z |||a|
200 1 _aПриключения Незнайки и его друзей
_e[Повесть
_eДля мл. школьного возраста]
_fРис. А. Лаптева
210 _aМосква
_cДетгиз
_d1954
215 _a168 с.
_cил.
_d26
700 1 _aНосов
_bН.Н.
_f1908-
_gНиколай Николаевич
801 0 _aRU
_bNLR
_gpsbo
801 1 _aRU
_bELAR
_2rusmarc
852 _aNLR
_jДл02 Г-7/311
942 _cBOOK
980 _aNB